DFB Pokal Sieger und Finalisten - Statistiken

Allgemein
  • Dieses Quiz wurde 532 mal gespielt
    288 seit der letzten Aktualisierung
  • Das Durchschnittsergebnis liegt bei 26 aus 40
Antwortstatistiken
Titel Finals Team % Korrekt
5 10 Borussia Dortmund
100%
20 24 FC Bayern München
100%
4 7 VfB Stuttgart
97%
5 12 FC Schalke 04
96%
6 10 SV Werder Bremen
96%
3 6 Hamburger SV
93%
5 9 Eintracht Frankfurt
92%
4 6 1. FC Nürnberg
91%
4 10 1. FC Köln
90%
2 5 Bayer 04 Leverkusen
89%
2 8 1. FC Kaiserslautern
87%
0 3 Hertha BSC Berlin
86%
2 4 RB Leipzig
86%
0 1 Arminia Bielefeld
82%
3 5 Borussia Mönchengladbach
81%
1 1 Hannover 96
80%
1 2 VfL Wolfsburg
79%
0 1 SC Freiburg
75%
2 2 TSV 1860 München
73%
2 7 Fortuna Düsseldorf
71%
0 4 MSV Duisburg
71%
0 1 1. FC Union Berlin
69%
2 2 Dresdner SC
67%
2 4 Karlsruher SC
67%
0 3 Alemannia Aachen
60%
0 2 VfL Bochum
59%
1 1 Kickers Offenbach
54%
1 1 KFC Uerdingen 05
52%
0 1 Energie Cottbus
48%
0 1 Waldhof Mannheim
47%
1 1 VfB Leipzig
45%
1 2 Rot-Weiss Essen
44%
1 1 SK Rapid Wien
44%
0 1 LSV Hamburg
33%
1 1 Schwarz-Weiss Essen
33%
0 1 Stuttgarter Kickers
32%
0 1 Fortuna Köln
25%
1 1 First Vienna FC
24%
0 1 Borussia Neunkirchen
14%
0 1 FSV Frankfurt
8%
Keine übereinstimmenden Quizze gefunden
Verteilung der Resultate
Anzahl Personen mit jedem Resultat
Perzentil nach korrekt beantworteten Fragen
Ihre Resultats-Entwicklung
Sie haben dieses Quiz seit der letzten Aktualisierung nicht gespielt